000 01303nam0a22002771 4500
001 rc\3524052
005 20130115143437.6
021 _aRU
_b[74-43546]
035 _a(NLR Aleph) 007662436
090 _a6346252
_c6346253
100 _a20130115d1974 |||y0rusy50 ca
101 0 _arus
102 _aRU
105 _ay z |||||
200 1 _aВ помощь учителю химии
_eПособие для учителей по внеклассной работе
_e[Сборник
_fРед. коллегия: ...проф. А.С. Карнаухов (отв. ред.) и др.]
_gМ-во просвещения РСФСР. Яросл. гос. пед. ин-т им. К.Д. Ушинского
210 _aЯрославль
_c[Яросл. пед. ин-т]
_d1974
215 _a89 с.
_d20
320 _aСписок лит. в конце работ
606 _aХимия
_xВнеклассная и внешкольная работа
_jСборники
_2psbo
702 1 _aКарнаухов
_bА. С.
_gАлексей Степанович
_4340
712 0 2 _aЯрославский педагогический институт им. К. Д. Ушинского
_3RU\NLR\AUTH\8815513
801 0 _aRU
_bNLR
_gpsbo
801 1 _aRU
_bELAR
_2rusmarc
852 _aNLR
_j74-4/10117
942 _cBOOK
980 _aNB